| 000 | 00367nam a22001577a 4500 | ||
|---|---|---|---|
| 003 | SGT | ||
| 020 | _a978-93-392-1930-7 | ||
| 082 |
_a515.4 _bO16D |
||
| 100 | _aDEO,S.G & RAGHAVENDRA,V | ||
| 245 | _aTEXTBOOK OF ORDINARY DIFFERNTIAL EQUATIONS | ||
| 250 | _a3RD | ||
| 260 |
_aNEW DELHI _bMC GRAW HILL _c2016 |
||
| 300 | _a447 | ||
| 650 | _aPHARMACY | ||
| 942 |
_2ddc _cBK |
||
| 999 |
_c11212 _d11212 |
||